[Event "Challenge"]
[Site "http://www.queenalice.com/game.php?id=236436"]
[Date "2007.7.8"]
[Round "-"]
[White "felipeklemos"]
[Black "fbn"]
[Result "0-1"]
[WhiteElo "1293"]
[BlackElo "1550"]

1. d4 e6 2. c4 Qf6 3. Nf3 h6 4. e3 b6 5. Nc3 Bb4 6. Bd2 d6 7. Be2 Ne7 8. O-O Qg6
9. a3 Bxc3 10. Bxc3 f6 11. Bd3 f5 12. Qe2 Qh5 13. e4 O-O 14. exf5 Nxf5 15. d5 e5
16. b4 Re8 17. h3 c6 18. g4 Qxh3 19. Qe4 Nh4 20. Ne1 g6 21. f4 Bd7 22. Nf3 Qxg4+
23. Kf2 Bf5 0-1

[Event "AUTO-OPEN-731"]
[Site "http://www.queenalice.com/game.php?id=236624"]
[Date "2007.7.8"]
[Round "1"]
[White "ChrisDavison102"]
[Black "felipeklemos"]
[Result "1-0"]
[WhiteElo "604"]
[BlackElo "1252"]

1. e4 e5 2. Nf3 Nc6 3. Bb5 a6 4. Ba4 b5 5. Bb3 Nf6 6. O-O d5 7. exd5 Nxd5 8. Re1
Bd6 9. Bxd5 Bb7 10. d4 f6 11. dxe5 fxe5 12. Bxc6+ Bxc6 13. Nxe5 Bxe5 14. Rxe5+
Kf7 15. Qxd8 Raxd8 16. Re1 Rhe8 17. Be3 Re6 18. Nc3 Rg6 19. g3 Rgd6 20. a3 Bf3
21. Bc5 Rd2 22. Re7+ Kg6 23. Rae1 Rxc2 24. h4 Rxb2 25. R1e6+ Kf5 26. Re1 Kg4 27.
Kh2 1-0

[Event "AUTO-OPEN-731"]
[Site "http://www.queenalice.com/game.php?id=236625"]
[Date "2007.7.8"]
[Round "1"]
[White "felipeklemos"]
[Black "ChrisDavison102"]
[Result "0-1"]
[WhiteElo "1252"]
[BlackElo "634"]

1. e4 c5 2. d3 d6 3. Nf3 Nc6 4. Nc3 g6 5. Be2 Bg7 6. O-O Nf6 7. Bg5 O-O 8. Nd5
Nxd5 9. exd5 Nd4 10. c3 Nxe2+ 11. Qxe2 Re8 12. Rfe1 Bf8 13. a4 h6 14. Bh4 g5 15.
Bg3 f5 16. b4 cxb4 17. cxb4 f4 18. Nd4 fxg3 19. Ne6 Bxe6 20. Qxe6+ Kg7 21. fxg3
Qc8 22. Rf1 Qxe6 23. dxe6 Kg6 24. g4 Bg7 25. Rae1 Rf8 26. Rf2 Rxf2 0-1

[Event "AUTO-OPEN-731"]
[Site "http://www.queenalice.com/game.php?id=236656"]
[Date "2007.7.8"]
[Round "1"]
[White "felipeklemos"]
[Black "joaoreis001"]
[Result "0-1"]
[WhiteElo "1380"]
[BlackElo "1631"]

1. e4 e5 2. d4 exd4 3. Qxd4 Nc6 4. Qd3 Ne5 5. Qd1 Nf6 6. Bg5 Be7 7. Nf3 Nxe4 8.
Bxe7 Qxe7 9. Bd3 Nxd3+ 10. cxd3 Nc3+ 11. Kd2 Nxd1 12. Kxd1 O-O 13. Re1 Qb4 14.
a3 Qxb2 15. Re2 Qxa1 0-1

[Event "AUTO-OPEN-731"]
[Site "http://www.queenalice.com/game.php?id=236657"]
[Date "2007.7.8"]
[Round "1"]
[White "joaoreis001"]
[Black "felipeklemos"]
[Result "1-0"]
[WhiteElo "1624"]
[BlackElo "1395"]

1. e4 e5 2. Nf3 Nc6 3. Bc4 d6 4. Bd5 Bd7 5. d3 Nf6 6. Bg5 Be7 7. O-O Bg4 8. h3
Bh5 9. g4 Bg6 10. a4 O-O 11. Nc3 Nd4 12. Nxd4 exd4 13. Nb5 Nxd5 14. Bxe7 Nxe7
15. f4 1-0

[Event "Challenge"]
[Site "http://www.queenalice.com/game.php?id=240765"]
[Date "2007.7.16"]
[Round "-"]
[White "txukahamae"]
[Black "felipeklemos"]
[Result "0-1"]
[WhiteElo "1609"]
[BlackElo "1500"]

1. d4 d5 2. c4 Nf6 3. cxd5 Qxd5 4. Nc3 Qa5 5. Bd2 Qf5 6. Nf3 e6 7. e3 Nc6 8. Be2
Bb4 9. a3 Bxc3 10. Bxc3 Ne4 11. Bd3 Nxc3 12. bxc3 Qf6 13. O-O O-O 14. Qb1 g6 15.
h3 e5 16. Qc2 b6 17. Be4 Ba6 18. Rfe1 exd4 19. cxd4 Bb7 20. Ne5 Nd8 21. Qxc7
Bxe4 22. Nd7 Qg5 23. f3 Ne6 24. Qc3 Rfc8 25. Qb4 Rc2 26. g4 Bxf3 27. Qa4 Rg2+
28. Kf1 Qh4 0-1

[Event "Challenge"]
[Site "http://www.queenalice.com/game.php?id=241445"]
[Date "2007.7.17"]
[Round "-"]
[White "felipeklemos"]
[Black "hockeye"]
[Result "0-1"]
[WhiteElo "1310"]
[BlackElo "1450"]

1. d4 d5 2. Nc3 Nc6 3. e3 Bf5 4. Nf3 Nb4 5. Bb5+ c6 6. Ba4 Nf6 7. Ne5 e6 8. O-O
Bd6 9. a3 Na6 10. Bd2 O-O 0-1

[Event "AUTO-INT-535"]
[Site "http://www.queenalice.com/game.php?id=241543"]
[Date "2007.7.18"]
[Round "1"]
[White "alhop10"]
[Black "felipeklemos"]
[Result "1-0"]
[WhiteElo "1496"]
[BlackElo "1554"]

1. e4 e5 2. Nf3 Nc6 3. Bc4 Nh6 4. Nc3 Bb4 5. Nd5 d6 6. c3 Bc5 7. d3 Ng4 8. Be3
Nxe3 9. fxe3 Bg4 10. d4 Bb6 11. Nxb6 axb6 12. d5 Na5 13. Qd3 O-O 14. O-O Nxc4
15. Qxc4 1-0

[Event "AUTO-INT-535"]
[Site "http://www.queenalice.com/game.php?id=241544"]
[Date "2007.7.18"]
[Round "1"]
[White "felipeklemos"]
[Black "alhop10"]
[Result "0-1"]
[WhiteElo "1488"]
[BlackElo "1514"]

1. d4 Nf6 2. c4 d5 3. Nd2 Nc6 4. e3 e6 5. Bd3 Nb4 6. Qb3 dxc4 7. Nxc4 Nfd5 8. e4
Nxd3+ 9. Qxd3 Nb4 10. Qd2 Be7 11. a3 b5 12. Nf3 O-O 13. O-O Bb7 14. Ng5 h6 15.
Nf3 Bxe4 0-1

[Event "AUTO-INT-535"]
[Site "http://www.queenalice.com/game.php?id=241557"]
[Date "2007.7.18"]
[Round "1"]
[White "CampbellMarcel"]
[Black "felipeklemos"]
[Result "1-0"]
[WhiteElo "1782"]
[BlackElo "1625"]

1. e4 e5 2. Nf3 Nc6 3. Bc4 Nh6 4. Nc3 d6 5. h3 f5 6. d3 g6 7. Bxh6 Bxh6 8. Nd5
Be6 9. Nxc7+ Qxc7 10. Bxe6 Nd4 11. Nxd4 exd4 12. O-O 1-0

[Event "AUTO-INT-535"]
[Site "http://www.queenalice.com/game.php?id=241566"]
[Date "2007.7.18"]
[Round "1"]
[White "felipeklemos"]
[Black "kinabkab_na_puke"]
[Result "0-1"]
[WhiteElo "1442"]
[BlackElo "1606"]

1. d4 d5 2. Nc3 Nf6 3. Bg5 h6 4. Bh4 g5 5. Bg3 Nc6 6. Nb5 e5 7. dxe5 Ne4 8. e3
Bd7 9. e6 Bxe6 10. Nf3 Bg4 0-1

[Event "AUTO-OPEN-746"]
[Site "http://www.queenalice.com/game.php?id=241791"]
[Date "2007.7.18"]
[Round "1"]
[White "felipeklemos"]
[Black "Brayan"]
[Result "0-1"]
[WhiteElo "1558"]
[BlackElo "1935"]

1. e4 c5 2. f4 g6 3. Nf3 Bg7 4. d3 e6 5. Be2 Ne7 6. Be3 Bxb2 7. Nc3 Bxc3+ 8. Bd2
Bxd2+ 9. Qxd2 O-O 10. Qc3 Nbc6 11. O-O Qa5 12. Qxa5 Nxa5 13. Rab1 d5 14. Ng5 h6
15. Nf3 Nac6 16. Ne5 Nxe5 17. fxe5 Nc6 18. exd5 exd5 19. Rb5 b6 20. Rf6 Nxe5 21.
d4 cxd4 22. Bf3 Nxf3+ 23. Rxf3 Ba6 24. Rxd5 Bb7 0-1

[Event "AUTO-OPEN-746"]
[Site "http://www.queenalice.com/game.php?id=241792"]
[Date "2007.7.18"]
[Round "1"]
[White "Brayan"]
[Black "felipeklemos"]
[Result "1-0"]
[WhiteElo "1933"]
[BlackElo "1564"]

1. Nf3 d5 2. b3 Nc6 3. Bb2 f6 4. d3 e5 5. Nbd2 Be6 6. e3 Bc5 7. Be2 Nge7 8. c3
O-O 9. d4 exd4 10. cxd4 Bb4 11. O-O Qd6 12. a3 Ba5 13. b4 Bb6 14. Nb3 Nf5 15.
Nc5 Nd8 16. Rc1 a5 17. Bd3 axb4 18. axb4 Bc8 19. e4 Ne7 20. Re1 Bg4 21. h3 Bh5
22. exd5 Qxd5 23. Bc4 Bxf3 24. Bxd5+ Nxd5 25. Qxf3 1-0